000
00227nam a22000977a 4500
003
SGT
245
_a
INDIAN JOURNAL OF OTOLARYNGOLOGY & HEAD AND NECK SURGERY
260
_a
INDIA
_b
SPRINGER
_c
2020
300
_a
544
942
_2
ddc
_c
BV
999
_c
24407
_d
24407